LDR 00716naa#a2200157#i#450# 001 EN\\bibl\19476 005 20260516045535.6 100 ## _a20260515b2026####ek#y0engy0150####ca 102 ## _aRU 200 1# _aGROWTH AND VIABILITY OF COMMON HAZELNUT SEEDLINGS DURING THE FORMATION OF UNDERSTONE OF FOREST PLANTATIONS IN THE CENTRAL FOREST-STEPPE _eConference article/thesis 210 1# _aVoronezh _cFSBE Institution of Higher Education Voronezh State University of Forestry and Technologies named after G.F. Morozov _d2026 215 ## _a9 с. 608 ## _aConference article/thesis _2local 675 ## _aУсловия существования растений. 630.181 _z 700 #1 _aNakonechnaya _gTat'yana Sergeevna 856 4# _abibl.vgltu.ru _u